[Event "Irena Warakomska Memorial B"]
[Site "Suwalki"]
[Date "2018.08.07"]
[Round "8"]
[White "Rudzinska, Michalina"]
[Black "Szalko, Maciej"]
[Result "1/2-1/2"]
[Board "12"]
[WhiteElo "2111"]
[WhiteCountry "POL"]
[WhiteFideId "1172883"]
[WhiteEloChange "-6"]
[BlackElo "1857"]
[BlackCountry "POL"]
[BlackFideId "1145614"]
[BlackEloChange "6"]

1. e4 {[%clk 1:30:30]} Nf6 {[%clk 1:30:30]} 2. e5 {[%clk 1:30:30]} Nd5 {[%clk
1:30:30]} 3. d4 {[%clk 1:30:30]} d6 {[%clk 1:30:30]} 4. c4 {[%clk 1:30:30]} Nb6
{[%clk 1:30:30]} 5. exd6 {[%clk 1:30:30]} exd6 {[%clk 1:30:30]} 6. Nc3 {[%clk
1:30:30]} Be7 {[%clk 1:30:30]} 7. Be3 {[%clk 1:30:30]} Bf6 {[%clk 1:30:30]} 8.
Bd3 {[%clk 1:30:30]} Nc6 {[%clk 1:30:30]} 9. Nge2 {[%clk 1:30:30]} Bg4 {[%clk
1:30:30]} 10. f3 {[%clk 1:30:30]} Bh5 {[%clk 1:30:30]} 11. O-O {[%clk 1:30:30]}
O-O {[%clk 1:30:30]} 12. b3 {[%clk 1:30:30]} Qe7 {[%clk 1:30:30]} 13. Bf2 {[%clk
1:30:30]} Rae8 {[%clk 1:30:30]} 14. Re1 {[%clk 1:30:30]} Qd8 {[%clk 1:30:30]} 15.
Qd2 {[%clk 1:30:30]} Bg5 {[%clk 1:30:30]} 16. f4 {[%clk 1:30:30]} Bh4 {[%clk
1:30:30]} 17. Bxh4 {[%clk 1:30:30]} Qxh4 {[%clk 1:30:30]} 18. d5 {[%clk 1:30:30]}
Nb4 {[%clk 1:30:30]} 19. Bb1 {[%clk 1:30:30]} Nd7 {[%clk 1:30:30]} 20. Ne4 {[%clk
1:30:30]} Na6 {[%clk 1:30:30]} 21. g3 {[%clk 1:30:30]} Qd8 {[%clk 1:30:30]} 22.
Nd4 {[%clk 1:30:30]} Nac5 {[%clk 1:30:30]} 23. h3 {[%clk 1:30:30]} f5 {[%clk
1:30:30]} 24. Ng5 {[%clk 1:30:30]} Rxe1+ {[%clk 1:30:30]} 25. Qxe1 {[%clk
1:30:30]} Qf6 {[%clk 1:30:30]} 26. Qd2 {[%clk 1:30:30]} h6 {[%clk 1:30:30]} 27.
Nge6 {[%clk 1:30:30]} Nxe6 {[%clk 1:30:30]} 28. dxe6 {[%clk 1:30:30]} Nc5 {[%clk
1:30:30]} 29. Bxf5 {[%clk 1:30:30]} Bg6 {[%clk 1:30:30]} 30. Bxg6 {[%clk
1:30:30]} Nxe6 {[%clk 1:30:30]} 31. Nxe6 {[%clk 1:30:30]} Qxa1+ {[%clk 1:30:30]}
32. Kg2 {[%clk 1:30:30]} Rc8 {[%clk 1:30:30]} 33. Qd4 {[%clk 1:30:30]} Qxd4
{[%clk 1:30:30]} 34. Nxd4 {[%clk 1:30:30]} c6 {[%clk 1:30:30]} 35. Kf3 {[%clk
1:30:30]} a6 {[%clk 1:30:30]} 36. g4 {[%clk 1:30:30]} Rc7 {[%clk 1:30:30]} 37. f5
{[%clk 1:30:30]} b5 {[%clk 1:30:30]} 38. Ke4 {[%clk 1:30:30]} bxc4 {[%clk
1:30:30]} 39. bxc4 {[%clk 1:30:30]} d5+ {[%clk 1:30:30]} 40. cxd5 {[%clk
1:30:30]} cxd5+ {[%clk 1:30:30]} 41. Kxd5 {[%clk 1:30:30]} Rc3 {[%clk 1:30:30]}
42. a4 {[%clk 1:30:30]} Ra3 {[%clk 1:30:30]} 43. Be8 {[%clk 1:30:30]} Kf8 {[%clk
1:30:30]} 44. Bc6 {[%clk 1:30:30]} Rxh3 {[%clk 1:30:30]} 45. Kc5 {[%clk 1:30:30]}
Ke7 {[%clk 1:30:30]} 46. Kb6 {[%clk 1:30:30]} Kd6 {[%clk 1:30:30]} 47. Be8 {[%clk
1:30:30]} Re3 {[%clk 1:30:30]} 48. Ne6 {[%clk 1:30:30]} Re4 {[%clk 1:30:30]} 49.
Nxg7 {[%clk 1:30:30]} Rxg4 {[%clk 1:30:30]} 50. f6 {[%clk 1:30:30]} Rf4 {[%clk
1:30:30]} 51. f7 {[%clk 1:30:30]} Ke7 {[%clk 1:30:30]} 52. a5 {[%clk 1:30:30]}
Rf6+ {[%clk 1:30:30]} 53. Kb7 {[%clk 1:30:30]} Kf8 {[%clk 1:30:30]} 54. Nh5
{[%clk 1:30:30]} Rf5 {[%clk 1:30:30]} 55. Kxa6 {[%clk 1:30:30]} Rxh5 {[%clk
1:30:30]} 56. Kb6 {[%clk 1:30:30]} Rh1 {[%clk 1:30:30]} 1/2-1/2

[Event "Irena Warakomska Memorial B"]
[Site "Suwalki"]
[Date "2018.08.07"]
[Round "8"]
[White "Milanowski, Jan"]
[Black "Zianowicz, Dominik"]
[Result "1/2-1/2"]
[Board "13"]
[WhiteElo "1784"]
[WhiteCountry "POL"]
[WhiteFideId "1109758"]
[WhiteEloChange "4"]
[BlackElo "1919"]
[BlackCountry "POL"]
[BlackFideId "21825645"]
[BlackEloChange "-4"]

1. d4 {[%clk 1:30:30]} d5 {[%clk 1:30:30]} 2. Bf4 {[%clk 1:30:30]} Nf6 {[%clk
1:30:30]} 3. c3 {[%clk 1:30:30]} Bf5 {[%clk 1:30:30]} 4. Nf3 {[%clk 1:30:30]} e6
{[%clk 1:30:30]} 5. e3 {[%clk 1:30:30]} c6 {[%clk 1:30:30]} 6. Bd3 {[%clk
1:30:30]} Bxd3 {[%clk 1:30:30]} 7. Qxd3 {[%clk 1:30:30]} Bd6 {[%clk 1:30:30]} 8.
Bxd6 {[%clk 1:30:30]} Qxd6 {[%clk 1:30:30]} 9. Nbd2 {[%clk 1:30:30]} Nbd7 {[%clk
1:30:30]} 10. h3 {[%clk 1:30:30]} O-O {[%clk 1:30:30]} 11. O-O {[%clk 1:30:30]}
a6 {[%clk 1:30:30]} 12. Rfe1 {[%clk 1:30:30]} e5 {[%clk 1:30:30]} 13. dxe5 {[%clk
1:30:30]} Nxe5 {[%clk 1:30:30]} 14. Nxe5 {[%clk 1:30:30]} Qxe5 {[%clk 1:30:30]}
15. Qd4 {[%clk 1:30:30]} Qxd4 {[%clk 1:30:30]} 16. exd4 {[%clk 1:30:30]} Rae8
{[%clk 1:30:30]} 17. Kf1 {[%clk 1:30:30]} Rxe1+ {[%clk 1:30:30]} 18. Rxe1 {[%clk
1:30:30]} Re8 {[%clk 1:30:30]} 19. Rxe8+ {[%clk 1:30:30]} Nxe8 {[%clk 1:30:30]}
20. Ke2 {[%clk 1:30:30]} Kf8 {[%clk 1:30:30]} 1/2-1/2

[Event "Irena Warakomska Memorial B"]
[Site "Suwalki"]
[Date "2018.08.07"]
[Round "8"]
[White "Zolkiewski, Jakub"]
[Black "Kumanovskiy, Evgeny"]
[Result "0-1"]
[Board "14"]
[WhiteElo "1894"]
[WhiteCountry "POL"]
[WhiteFideId "1184695"]
[WhiteEloChange "-5"]
[BlackElo "2084"]
[BlackCountry "UKR"]
[BlackFideId "14105942"]
[BlackEloChange "5"]

1. d4 {[%clk 1:30:30]} f5 {[%clk 1:30:30]} 2. Nf3 {[%clk 1:30:30]} Nf6 {[%clk
1:30:30]} 3. g3 {[%clk 1:30:30]} b6 {[%clk 1:30:30]} 4. Bg2 {[%clk 1:30:30]} Bb7
{[%clk 1:30:30]} 5. O-O {[%clk 1:30:30]} e6 {[%clk 1:30:30]} 6. c4 {[%clk
1:30:30]} Be7 {[%clk 1:30:30]} 7. Nc3 {[%clk 1:30:30]} O-O {[%clk 1:30:30]} 8. d5
{[%clk 1:30:30]} Na6 {[%clk 1:30:30]} 9. Nd4 {[%clk 1:30:30]} Bc5 {[%clk
1:30:30]} 10. a3 {[%clk 1:30:30]} Bxd4 {[%clk 1:30:30]} 11. Qxd4 {[%clk 1:30:30]}
Nc5 {[%clk 1:30:30]} 12. Qd1 {[%clk 1:30:30]} Qe7 {[%clk 1:30:30]} 13. Qc2 {[%clk
1:30:30]} exd5 {[%clk 1:30:30]} 14. cxd5 {[%clk 1:30:30]} Nce4 {[%clk 1:30:30]}
15. Nxe4 {[%clk 1:30:30]} Nxe4 {[%clk 1:30:30]} 16. Qxc7 {[%clk 1:30:30]} Bxd5
{[%clk 1:30:30]} 17. Bf4 {[%clk 1:30:30]} Rfc8 {[%clk 1:30:30]} 18. Qe5 {[%clk
1:30:30]} Qxe5 {[%clk 1:30:30]} 19. Bxe5 {[%clk 1:30:30]} Rc2 {[%clk 1:30:30]}
20. Rfd1 {[%clk 1:30:30]} Bc6 {[%clk 1:30:30]} 21. Bf3 {[%clk 1:30:30]} Re8
{[%clk 1:30:30]} 22. Bd4 {[%clk 1:30:30]} Nd2 {[%clk 1:30:30]} 23. Bxc6 {[%clk
1:30:30]} dxc6 {[%clk 1:30:30]} 24. Be3 {[%clk 1:30:30]} Nc4 {[%clk 1:30:30]} 25.
Rac1 {[%clk 1:30:30]} Nxe3 {[%clk 1:30:30]} 26. fxe3 {[%clk 1:30:30]} Rxe2 {[%clk
1:30:30]} 27. Rxc6 {[%clk 1:30:30]} R8xe3 {[%clk 1:30:30]} 28. Rd7 {[%clk
1:30:30]} Re7 {[%clk 1:30:30]} 29. Rcc7 {[%clk 1:30:30]} Rxd7 {[%clk 1:30:30]}
30. Rxd7 {[%clk 1:30:30]} a5 {[%clk 1:30:30]} 31. b4 {[%clk 1:30:30]} axb4 {[%clk
1:30:30]} 32. axb4 {[%clk 1:30:30]} Re4 {[%clk 1:30:30]} 33. Rd5 {[%clk 1:30:30]}
g6 {[%clk 1:30:30]} 34. Rb5 {[%clk 1:30:30]} Re6 {[%clk 1:30:30]} 35. Kf2 {[%clk
1:30:30]} Kf7 {[%clk 1:30:30]} 36. Kf3 {[%clk 1:30:30]} Ke7 {[%clk 1:30:30]} 37.
Kf4 {[%clk 1:30:30]} Kd7 {[%clk 1:30:30]} 38. Re5 {[%clk 1:30:30]} Kd6 {[%clk
1:30:30]} 39. Rxe6+ {[%clk 1:30:30]} Kxe6 {[%clk 1:30:30]} 40. Kg5 {[%clk
1:30:30]} Ke5 {[%clk 1:30:30]} 41. h4 {[%clk 1:30:30]} b5 {[%clk 1:30:30]} 42.
Kh6 {[%clk 1:30:30]} f4 {[%clk 1:30:30]} 43. gxf4+ {[%clk 1:30:30]} Kxf4 {[%clk
1:30:30]} 44. Kxh7 {[%clk 1:30:30]} g5 {[%clk 1:30:30]} 45. h5 {[%clk 1:30:30]}
g4 {[%clk 1:30:30]} 46. h6 {[%clk 1:30:30]} g3 {[%clk 1:30:30]} 47. Kg8 {[%clk
1:30:30]} g2 {[%clk 1:30:30]} 48. h7 {[%clk 1:30:30]} g1Q+ {[%clk 1:30:30]} 49.
Kf7 {[%clk 1:30:30]} Qa7+ {[%clk 1:30:30]} 50. Kg8 {[%clk 1:30:30]} Qxh7+ {[%clk
1:30:30]} 0-1

[Event "Irena Warakomska Memorial B"]
[Site "Suwalki"]
[Date "2018.08.07"]
[Round "8"]
[White "Sukhimski, Vladimir"]
[Black "Binkis, Evgeniya"]
[Result "1-0"]
[Board "15"]
[WhiteElo "2083"]
[WhiteCountry "UKR"]
[WhiteFideId "14102889"]
[WhiteEloChange "2"]
[BlackElo "1723"]
[BlackCountry "RUS"]
[BlackFideId "44110863"]
[BlackEloChange "-2"]

1. Nf3 {[%clk 1:30:30]} Nf6 {[%clk 1:30:30]} 2. c4 {[%clk 1:30:30]} g6 {[%clk
1:30:30]} 3. Nc3 {[%clk 1:30:30]} Bg7 {[%clk 1:30:30]} 4. e4 {[%clk 1:30:30]} d6
{[%clk 1:30:30]} 5. h3 {[%clk 1:30:30]} c5 {[%clk 1:30:30]} 6. d4 {[%clk
1:30:30]} cxd4 {[%clk 1:30:30]} 7. Nxd4 {[%clk 1:30:30]} Nc6 {[%clk 1:30:30]} 8.
Be3 {[%clk 1:30:30]} O-O {[%clk 1:30:30]} 9. Qd2 {[%clk 1:30:30]} a6 {[%clk
1:30:30]} 10. Be2 {[%clk 1:30:30]} Bd7 {[%clk 1:30:30]} 11. O-O {[%clk 1:30:30]}
Nxd4 {[%clk 1:30:30]} 12. Bxd4 {[%clk 1:30:30]} Qa5 {[%clk 1:30:30]} 13. Qe3
{[%clk 1:30:30]} Qd8 {[%clk 1:30:30]} 14. Bb6 {[%clk 1:30:30]} Qc8 {[%clk
1:30:30]} 15. Rac1 {[%clk 1:30:30]} Bc6 {[%clk 1:30:30]} 16. Nd5 {[%clk 1:30:30]}
Qd7 {[%clk 1:30:30]} 17. Bd4 {[%clk 1:30:30]} Bxd5 {[%clk 1:30:30]} 18. exd5
{[%clk 1:30:30]} Rfc8 {[%clk 1:30:30]} 19. a3 {[%clk 1:30:30]} b5 {[%clk
1:30:30]} 20. Bxf6 {[%clk 1:30:30]} exf6 {[%clk 1:30:30]} 21. cxb5 {[%clk
1:30:30]} axb5 {[%clk 1:30:30]} 22. Qb3 {[%clk 1:30:30]} f5 {[%clk 1:30:30]} 23.
Bxb5 {[%clk 1:30:30]} Qb7 {[%clk 1:30:30]} 24. a4 {[%clk 1:30:30]} Qb6 {[%clk
1:30:30]} 25. Rc6 {[%clk 1:30:30]} Qd4 {[%clk 1:30:30]} 26. Qc2 {[%clk 1:30:30]}
Rd8 {[%clk 1:30:30]} 27. Rb1 {[%clk 1:30:30]} Qxd5 {[%clk 1:30:30]} 28. Rc7
{[%clk 1:30:30]} Qe5 {[%clk 1:30:30]} 29. b4 {[%clk 1:30:30]} d5 {[%clk 1:30:30]}
30. a5 {[%clk 1:30:30]} Rab8 {[%clk 1:30:30]} 31. Bd3 {[%clk 1:30:30]} Qd4 {[%clk
1:30:30]} 32. b5 {[%clk 1:30:30]} Be5 {[%clk 1:30:30]} 33. b6 {[%clk 1:30:30]}
Qf4 {[%clk 1:30:30]} 34. g3 {[%clk 1:30:30]} Qd4 {[%clk 1:30:30]} 35. Kg2 {[%clk
1:30:30]} Re8 {[%clk 1:30:30]} 36. Bb5 {[%clk 1:30:30]} Re6 {[%clk 1:30:30]} 37.
Bd7 {[%clk 1:30:30]} Rf6 {[%clk 1:30:30]} 38. f4 {[%clk 1:30:30]} Bxf4 {[%clk
1:30:30]} 39. gxf4 {[%clk 1:30:30]} Qxf4 {[%clk 1:30:30]} 40. b7 {[%clk 1:30:30]}
Kg7 {[%clk 1:30:30]} 41. Rc8 {[%clk 1:30:30]} g5 {[%clk 1:30:30]} 42. Rf1 {[%clk
1:30:30]} Qd6 {[%clk 1:30:30]} 43. Rxb8 {[%clk 1:30:30]} Qxb8 {[%clk 1:30:30]}
44. Qc8 {[%clk 1:30:30]} Qe5 {[%clk 1:30:30]} 45. Bxf5 {[%clk 1:30:30]} g4 {[%clk
1:30:30]} 46. b8Q {[%clk 1:30:30]} Qe2+ {[%clk 1:30:30]} 47. Kg1 {[%clk 1:30:30]}
Qe3+ {[%clk 1:30:30]} 48. Rf2 {[%clk 1:30:30]} Qe1+ {[%clk 1:30:30]} 49. Kg2
{[%clk 1:30:30]} gxh3+ {[%clk 1:30:30]} 50. Kg3 {[%clk 1:30:30]} Qe3+ {[%clk
1:30:30]} 51. Kg4 {[%clk 1:30:30]} h5+ {[%clk 1:30:30]} 52. Kh4 {[%clk 1:30:30]}
Qxf2+ {[%clk 1:30:30]} 53. Qg3+ {[%clk 1:30:30]} 1-0

[Event "Irena Warakomska Memorial B"]
[Site "Suwalki"]
[Date "2018.08.07"]
[Round "8"]
[White "Bartoszewicz, Marcin"]
[Black "Gawronski, Miroslaw"]
[Result "0-1"]
[Board "16"]
[WhiteElo "1907"]
[WhiteCountry "POL"]
[WhiteFideId "1131966"]
[WhiteEloChange "-6"]
[BlackElo "2058"]
[BlackCountry "POL"]
[BlackFideId "1106180"]
[BlackEloChange "6"]

1. e4 {[%clk 1:30:30]} c5 {[%clk 1:30:30]} 2. Nf3 {[%clk 1:30:30]} e6 {[%clk
1:30:30]} 3. d4 {[%clk 1:30:30]} cxd4 {[%clk 1:30:30]} 4. Nxd4 {[%clk 1:30:30]}
a6 {[%clk 1:30:30]} 5. Bd3 {[%clk 1:30:30]} Qc7 {[%clk 1:30:30]} 6. O-O {[%clk
1:30:30]} b6 {[%clk 1:30:30]} 7. Be3 {[%clk 1:30:30]} Nf6 {[%clk 1:30:30]} 8. c4
{[%clk 1:30:30]} Bb7 {[%clk 1:30:30]} 9. Nc3 {[%clk 1:30:30]} h5 {[%clk 1:30:30]}
10. h3 {[%clk 1:30:30]} Bb4 {[%clk 1:30:30]} 11. Nde2 {[%clk 1:30:30]} h4 {[%clk
1:30:30]} 12. a3 {[%clk 1:30:30]} Be7 {[%clk 1:30:30]} 13. Qb3 {[%clk 1:30:30]}
Bc5 {[%clk 1:30:30]} 14. Bf4 {[%clk 1:30:30]} Qc6 {[%clk 1:30:30]} 15. Rae1
{[%clk 1:30:30]} Nh5 {[%clk 1:30:30]} 16. Qd1 {[%clk 1:30:30]} Nxf4 {[%clk
1:30:30]} 17. Nxf4 {[%clk 1:30:30]} Qc7 {[%clk 1:30:30]} 18. Nfe2 {[%clk
1:30:30]} g5 {[%clk 1:30:30]} 19. b4 {[%clk 1:30:30]} Bd6 {[%clk 1:30:30]} 20.
Qd2 {[%clk 1:30:30]} Rg8 {[%clk 1:30:30]} 21. f3 {[%clk 1:30:30]} Nc6 {[%clk
1:30:30]} 22. Rc1 {[%clk 1:30:30]} Ne5 {[%clk 1:30:30]} 23. Qe3 {[%clk 1:30:30]}
Be7 {[%clk 1:30:30]} 24. Na4 {[%clk 1:30:30]} Rb8 {[%clk 1:30:30]} 25. c5 {[%clk
1:30:30]} b5 {[%clk 1:30:30]} 26. Nac3 {[%clk 1:30:30]} Bf6 {[%clk 1:30:30]} 27.
Bxb5 {[%clk 1:30:30]} axb5 {[%clk 1:30:30]} 28. Nxb5 {[%clk 1:30:30]} Qd8 {[%clk
1:30:30]} 29. Nd6+ {[%clk 1:30:30]} Kf8 {[%clk 1:30:30]} 30. Rcd1 {[%clk
1:30:30]} Ba6 {[%clk 1:30:30]} 31. Rfe1 {[%clk 1:30:30]} Rg6 {[%clk 1:30:30]} 32.
Nd4 {[%clk 1:30:30]} Be7 {[%clk 1:30:30]} 33. N4f5 {[%clk 1:30:30]} exf5 {[%clk
1:30:30]} 34. exf5 {[%clk 1:30:30]} Rxd6 {[%clk 1:30:30]} 35. cxd6 {[%clk
1:30:30]} Bf6 {[%clk 1:30:30]} 0-1

[Event "Irena Warakomska Memorial B"]
[Site "Suwalki"]
[Date "2018.08.07"]
[Round "8"]
[White "Tylenda, Krzysztof"]
[Black "Czarniecka, Aleksandra"]
[Result "0-1"]
[Board "17"]
[WhiteElo "1669"]
[WhiteCountry "POL"]
[WhiteFideId "1169165"]
[WhiteEloChange "-3"]
[BlackElo "1983"]
[BlackCountry "POL"]
[BlackFideId "1194933"]
[BlackEloChange "3"]

1. e4 {[%clk 1:30:30]} c5 {[%clk 1:30:30]} 2. Nc3 {[%clk 1:30:30]} Nc6 {[%clk
1:30:30]} 3. g3 {[%clk 1:30:30]} g6 {[%clk 1:30:30]} 4. Bg2 {[%clk 1:30:30]} Bg7
{[%clk 1:30:30]} 5. d3 {[%clk 1:30:30]} d6 {[%clk 1:30:30]} 6. Be3 {[%clk
1:30:30]} Nh6 {[%clk 1:30:30]} 7. h3 {[%clk 1:30:30]} f5 {[%clk 1:30:30]} 8. Nge2
{[%clk 1:30:30]} O-O {[%clk 1:30:30]} 9. Qd2 {[%clk 1:30:30]} Nf7 {[%clk
1:30:30]} 10. O-O-O {[%clk 1:30:30]} Rb8 {[%clk 1:30:30]} 11. exf5 {[%clk
1:30:30]} Bxf5 {[%clk 1:30:30]} 12. g4 {[%clk 1:30:30]} Bd7 {[%clk 1:30:30]} 13.
Ne4 {[%clk 1:30:30]} Nd4 {[%clk 1:30:30]} 14. N2g3 {[%clk 1:30:30]} b5 {[%clk
1:30:30]} 15. c3 {[%clk 1:30:30]} Ne6 {[%clk 1:30:30]} 16. f4 {[%clk 1:30:30]} b4
{[%clk 1:30:30]} 17. c4 {[%clk 1:30:30]} Nd4 {[%clk 1:30:30]} 18. f5 {[%clk
1:30:30]} Qa5 {[%clk 1:30:30]} 19. Kb1 {[%clk 1:30:30]} Ba4 {[%clk 1:30:30]} 20.
Bxd4 {[%clk 1:30:30]} Bxd4 {[%clk 1:30:30]} 21. fxg6 {[%clk 1:30:30]} hxg6 {[%clk
1:30:30]} 22. Rdf1 {[%clk 1:30:30]} Rb6 {[%clk 1:30:30]} 23. Ng5 {[%clk 1:30:30]}
Ra6 {[%clk 1:30:30]} 24. Nxf7 {[%clk 1:30:30]} Bb3 {[%clk 1:30:30]} 25. a3 {[%clk
1:30:30]} Ba2+ {[%clk 1:30:30]} 26. Ka1 {[%clk 1:30:30]} Qxa3 {[%clk 1:30:30]}
27. Nh6+ {[%clk 1:30:30]} Kh7 {[%clk 1:30:30]} 0-1

[Event "Irena Warakomska Memorial B"]
[Site "Suwalki"]
[Date "2018.08.07"]
[Round "8"]
[White "Haliniak, Wojciech"]
[Black "Kaminski, Maciej"]
[Result "1-0"]
[Board "18"]
[WhiteElo "1679"]
[WhiteCountry "POL"]
[WhiteFideId "21838461"]
[WhiteEloChange "16"]
[BlackElo "1919"]
[BlackCountry "POL"]
[BlackFideId "1175521"]
[BlackEloChange "-16"]

1. e4 {[%clk 1:30:30]} c5 {[%clk 1:30:30]} 2. Nc3 {[%clk 1:30:30]} Nc6 {[%clk
1:30:30]} 3. f4 {[%clk 1:30:30]} g6 {[%clk 1:30:30]} 4. Nf3 {[%clk 1:30:30]} Bg7
{[%clk 1:30:30]} 5. Bc4 {[%clk 1:30:30]} e6 {[%clk 1:30:30]} 6. f5 {[%clk
1:30:30]} gxf5 {[%clk 1:30:30]} 7. d3 {[%clk 1:30:30]} fxe4 {[%clk 1:30:30]} 8.
dxe4 {[%clk 1:30:30]} Nd4 {[%clk 1:30:30]} 9. O-O {[%clk 1:30:30]} a6 {[%clk
1:30:30]} 10. Ng5 {[%clk 1:30:30]} Nh6 {[%clk 1:30:30]} 11. Qh5 {[%clk 1:30:30]}
O-O {[%clk 1:30:30]} 12. Nxe6 {[%clk 1:30:30]} fxe6 {[%clk 1:30:30]} 13. Bxh6
{[%clk 1:30:30]} b5 {[%clk 1:30:30]} 14. Bxg7 {[%clk 1:30:30]} Kxg7 {[%clk
1:30:30]} 15. Rxf8 {[%clk 1:30:30]} Kxf8 {[%clk 1:30:30]} 16. Rf1+ {[%clk
1:30:30]} Kg8 {[%clk 1:30:30]} 17. Rf7 {[%clk 1:30:30]} Qh4 {[%clk 1:30:30]} 18.
Qxh4 {[%clk 1:30:30]} Kxf7 {[%clk 1:30:30]} 19. Qxh7+ {[%clk 1:30:30]} Kf6 {[%clk
1:30:30]} 20. Bd3 {[%clk 1:30:30]} Bb7 {[%clk 1:30:30]} 21. e5+ {[%clk 1:30:30]}
Kxe5 {[%clk 1:30:30]} 22. Ne4 {[%clk 1:30:30]} Nf5 {[%clk 1:30:30]} 23. Nxc5
{[%clk 1:30:30]} Bd5 {[%clk 1:30:30]} 24. Nxd7+ {[%clk 1:30:30]} Kd6 {[%clk
1:30:30]} 25. Bxf5 {[%clk 1:30:30]} exf5 {[%clk 1:30:30]} 26. Qxf5 {[%clk
1:30:30]} Be6 {[%clk 1:30:30]} 27. Qd3+ {[%clk 1:30:30]} Kc7 {[%clk 1:30:30]} 28.
Qe4 {[%clk 1:30:30]} Re8 {[%clk 1:30:30]} 29. Nf6 {[%clk 1:30:30]} Re7 {[%clk
1:30:30]} 30. Nd5+ {[%clk 1:30:30]} 1-0

[Event "Irena Warakomska Memorial B"]
[Site "Suwalki"]
[Date "2018.08.07"]
[Round "8"]
[White "Flis, Pawel"]
[Black "Wielgus, Wojciech"]
[Result "1-0"]
[Board "19"]
[WhiteElo "1934"]
[WhiteCountry "POL"]
[WhiteFideId "1112864"]
[WhiteEloChange "3"]
[BlackElo "1652"]
[BlackCountry "POL"]
[BlackFideId "21853118"]
[BlackEloChange "-3"]

1. d3 {[%clk 1:30:30]} e5 {[%clk 1:30:30]} 2. g3 {[%clk 1:30:30]} d5 {[%clk
1:30:30]} 3. Bg2 {[%clk 1:30:30]} Nf6 {[%clk 1:30:30]} 4. Nd2 {[%clk 1:30:30]} c6
{[%clk 1:30:30]} 5. Ngf3 {[%clk 1:30:30]} Bd6 {[%clk 1:30:30]} 6. O-O {[%clk
1:30:30]} O-O {[%clk 1:30:30]} 7. e4 {[%clk 1:30:30]} Re8 {[%clk 1:30:30]} 8. Re1
{[%clk 1:30:30]} h6 {[%clk 1:30:30]} 9. c4 {[%clk 1:30:30]} Nbd7 {[%clk 1:30:30]}
10. Nf1 {[%clk 1:30:30]} Nc5 {[%clk 1:30:30]} 11. Qc2 {[%clk 1:30:30]} Qc7 {[%clk
1:30:30]} 12. Bd2 {[%clk 1:30:30]} a5 {[%clk 1:30:30]} 13. b3 {[%clk 1:30:30]}
Bg4 {[%clk 1:30:30]} 14. Nh4 {[%clk 1:30:30]} Ne6 {[%clk 1:30:30]} 15. Be3 {[%clk
1:30:30]} dxc4 {[%clk 1:30:30]} 16. dxc4 {[%clk 1:30:30]} Bc5 {[%clk 1:30:30]}
17. Bxc5 {[%clk 1:30:30]} Nxc5 {[%clk 1:30:30]} 18. h3 {[%clk 1:30:30]} Be6
{[%clk 1:30:30]} 19. Rad1 {[%clk 1:30:30]} Red8 {[%clk 1:30:30]} 20. Ne3 {[%clk
1:30:30]} Qb6 {[%clk 1:30:30]} 21. Qc3 {[%clk 1:30:30]} Qc7 {[%clk 1:30:30]} 22.
f3 {[%clk 1:30:30]} b6 {[%clk 1:30:30]} 23. Kh2 {[%clk 1:30:30]} Rac8 {[%clk
1:30:30]} 24. Bf1 {[%clk 1:30:30]} Rb8 {[%clk 1:30:30]} 25. Be2 {[%clk 1:30:30]}
Rb7 {[%clk 1:30:30]} 26. Nhg2 {[%clk 1:30:30]} Rbb8 {[%clk 1:30:30]} 27. Nc2
{[%clk 1:30:30]} Ra8 {[%clk 1:30:30]} 28. Nge3 {[%clk 1:30:30]} Kh7 {[%clk
1:30:30]} 29. Bf1 {[%clk 1:30:30]} Kg8 {[%clk 1:30:30]} 30. h4 {[%clk 1:30:30]}
Rac8 {[%clk 1:30:30]} 31. Bh3 {[%clk 1:30:30]} Kh7 {[%clk 1:30:30]} 32. Bf5+
{[%clk 1:30:30]} g6 {[%clk 1:30:30]} 33. Bxe6 {[%clk 1:30:30]} Nxe6 {[%clk
1:30:30]} 34. a3 {[%clk 1:30:30]} b5 {[%clk 1:30:30]} 35. Kg2 {[%clk 1:30:30]}
Kg7 {[%clk 1:30:30]} 36. Re2 {[%clk 1:30:30]} Rxd1 {[%clk 1:30:30]} 37. Nxd1
{[%clk 1:30:30]} Rd8 {[%clk 1:30:30]} 38. Rd2 {[%clk 1:30:30]} Rxd2+ {[%clk
1:30:30]} 39. Qxd2 {[%clk 1:30:30]} Nd7 {[%clk 1:30:30]} 40. Nde3 {[%clk
1:30:30]} Ndc5 {[%clk 1:30:30]} 41. Ng4 {[%clk 1:30:30]} g5 {[%clk 1:30:30]} 42.
hxg5 {[%clk 1:30:30]} hxg5 {[%clk 1:30:30]} 43. Qc3 {[%clk 1:30:30]} f6 {[%clk
1:30:30]} 44. cxb5 {[%clk 1:30:30]} cxb5 {[%clk 1:30:30]} 45. Nce3 {[%clk
1:30:30]} Nd7 {[%clk 1:30:30]} 46. Qe1 {[%clk 1:30:30]} Qd8 {[%clk 1:30:30]} 47.
Nf5+ {[%clk 1:30:30]} Kg6 {[%clk 1:30:30]} 48. b4 {[%clk 1:30:30]} axb4 {[%clk
1:30:30]} 49. axb4 {[%clk 1:30:30]} Ng7 {[%clk 1:30:30]} 50. Nfe3 {[%clk
1:30:30]} Ne6 {[%clk 1:30:30]} 51. Qh1 {[%clk 1:30:30]} Qf8 {[%clk 1:30:30]} 52.
Nf5 {[%clk 1:30:30]} Ng7 {[%clk 1:30:30]} 53. Qd1 {[%clk 1:30:30]} Qe8 {[%clk
1:30:30]} 54. Nfe3 {[%clk 1:30:30]} Qe6 {[%clk 1:30:30]} 55. Qd3 {[%clk 1:30:30]}
Qc6 {[%clk 1:30:30]} 56. Qb3 {[%clk 1:30:30]} Qe6 {[%clk 1:30:30]} 57. Qa3 {[%clk
1:30:30]} Qc6 {[%clk 1:30:30]} 58. Qa7 {[%clk 1:30:30]} Nb6 {[%clk 1:30:30]} 59.
Qb8 {[%clk 1:30:30]} Nd7 {[%clk 1:30:30]} 60. Qh8 {[%clk 1:30:30]} Kf7 {[%clk
1:30:30]} 61. Nd5 {[%clk 1:30:30]} Qc2+ {[%clk 1:30:30]} 62. Kh3 {[%clk 1:30:30]}
Qd1 {[%clk 1:30:30]} 63. Nh6+ {[%clk 1:30:30]} Ke6 {[%clk 1:30:30]} 64. Qxg7
{[%clk 1:30:30]} Kd6 {[%clk 1:30:30]} 65. Qe7+ {[%clk 1:30:30]} Kc6 {[%clk
1:30:30]} 66. Qe6+ {[%clk 1:30:30]} Kb7 {[%clk 1:30:30]} 67. Qxd7+ {[%clk
1:30:30]} Ka8 {[%clk 1:30:30]} 68. Qc8+ {[%clk 1:30:30]} Ka7 {[%clk 1:30:30]} 69.
Qc7+ {[%clk 1:30:30]} 1-0